Statistiques concernant Pays du Monde avec un H en deuxième lettre

Cliquez ici pour prendre le quiz!

Statistiques générales

  • Ce quiz a été pris 204 fois
  • Le résultat moyen est 5 sur 7

Statistiques - réponses

Réponse% Correct
Chine
93%
Bhoutan
82%
Chili
79%
Philippines
75%
Thaïlande
75%
Ghana
73%
Chypre
69%

Distribution des résultats

Percentile par nombre de réponses

% des personnes avec chaque résultat

Votre développement - résultats

Vous n’avez pas pris ce quiz